000 00391nam a22001577a 4500
020 _a81-250-2587-1
082 _a912
_bLON/C
100 _aLONGMAN ORIENT
245 _aORIENT LONGMAN ATLAS
_bGEOGRAPHY
246 _aORIENT LONGMAN ATLAS
_bGEOGRAPHY
260 _aHYDERABAD
_bORIENT LONGMAN PRIVATE LIMITED
_c2005
300 _a32
520 _aGEOGRAPHY
650 _aGEOGRAPHY
942 _cBK
999 _c1630
_d1630